[Event "Lichtenberger Sommer 2019"]
[Site "Berlin"]
[Date "2019.08.24"]
[Round "8.12"]
[White "Wierzbicki, Jirawat"]
[Black "Püschel, Werner"]
[Result "0-1"]
[WhiteElo "2160"]
[BlackElo "2012"]
[PlyCount "44"]
[EventDate "2019.??.??"]
[WhiteTeam "SK König Tegel"]
[BlackTeam "SV Briesen"]

1. e4 d5 2. exd5 Qxd5 3. Nc3 Qd6 4. d4 Nf6 5. Nf3 a6 6. Bc4 Bg4 7. Be3 Nc6 8.
h3 Bh5 9. g4 Bg6 10. Bd3 e6 11. Bxg6 hxg6 12. Ng5 Be7 13. O-O Rd8 14. Qf3 Qb4
15. Ne2 O-O 16. c3 Qxb2 17. Rfb1 Qc2 18. Rxb7 Nd5 19. Ne4 Na5 20. Ra7 Qb2 21.
Rc1 Qb6 22. c4 Nxe3 0-1

[Event "Lichtenberger Sommer 2019"]
[Site "Berlin"]
[Date "2019.08.24"]
[Round "8.13"]
[White "Jachym, Adam"]
[Black "Tschernatsch, Johannes"]
[Result "1-0"]
[WhiteElo "1994"]
[BlackElo "2155"]
[PlyCount "65"]
[EventDate "2019.??.??"]
[WhiteTeam "OKSZ Spolem Opole"]
[BlackTeam "SC Empor Potsdam"]

1. e4 c5 2. Nf3 d6 3. Bb5+ Nd7 4. c3 Ngf6 5. d3 a6 6. Ba4 b5 7. Bc2 Bb7 8. Nbd2
e5 9. O-O Be7 10. Re1 O-O 11. Nf1 Qc7 12. Nh4 g6 13. Bh6 Rfe8 14. Ne3 d5 15.
Qf3 Rad8 16. Nhf5 Bf8 17. Bxf8 Nxf8 18. Nh6+ Kg7 19. Qh3 Ne6 20. Qh4 Ng8 21.
Nxg8 Rxg8 22. Ng4 dxe4 23. dxe4 h5 24. Qf6+ Kh7 25. Nxe5 Rd2 26. Rad1 Rgd8 27.
Nxf7 Rxd1 28. Rxd1 Rxd1+ 29. Bxd1 Ng7 30. Ng5+ Kh6 31. h4 Qb8 32. Nf7+ Kh7 33.
Bc2 1-0

[Event "Lichtenberger Sommer 2019"]
[Site "Berlin"]
[Date "2019.08.24"]
[Round "8.14"]
[White "Nöldner, Julian"]
[Black "Hillmann, Michael"]
[Result "1-0"]
[WhiteElo "1975"]
[BlackElo "2138"]
[PlyCount "63"]
[EventDate "2019.??.??"]
[WhiteTeam "SV Empor Berlin"]
[BlackTeam "SV Sangerhausen"]

1. e4 d6 2. d4 Nf6 3. Nc3 g6 4. Be3 c6 5. h3 Nbd7 6. f4 b5 7. a3 Bg7 8. e5 Nd5
9. Nxd5 cxd5 10. Qd2 Rb8 11. Nf3 a6 12. Bd3 Nb6 13. b3 Bd7 14. f5 Bxf5 15. Bh6
Rg8 16. Bxg7 Rxg7 17. Qh6 Kf8 18. O-O Kg8 19. Ng5 e6 20. g4 Bxd3 21. cxd3 Rb7
22. Rf6 dxe5 23. dxe5 Re7 24. Rc1 Nd7 25. d4 Nf8 26. h4 Qb6 27. Rc8 Qxd4+ 28.
Kh1 Qxe5 29. Nxh7 Qe4+ 30. Kh2 Qe2+ 31. Kg3 Qe5+ 32. Kh3 1-0

[Event "Lichtenberger Sommer 2019"]
[Site "Berlin"]
[Date "2019.08.24"]
[Round "8.15"]
[White "Fuchs, Dominik"]
[Black "Simon, Ralf-Axel"]
[Result "0-1"]
[WhiteElo "1887"]
[BlackElo "2131"]
[PlyCount "100"]
[EventDate "2019.??.??"]
[WhiteTeam "SC Zitadelle Spandau"]
[BlackTeam "SF Hannover"]

1. e4 c5 2. Nf3 d6 3. d4 cxd4 4. Nxd4 Nf6 5. Nc3 a6 6. h3 g6 7. g4 Bg7 8. Bg2
O-O 9. O-O Nc6 10. Nxc6 bxc6 11. e5 dxe5 12. Bxc6 Rb8 13. Qf3 e6 14. Rb1 Qc7
15. Bg5 Rb6 16. Ba8 Bd7 17. Bxf6 Bxf6 18. Rfd1 Be7 19. Qe3 Rfb8 20. b3 Bc6 21.
Bxc6 Rxc6 22. Na4 Rxc2 23. Rbc1 Rxc1 24. Rxc1 Qd6 25. Qa7 Bg5 26. Rc7 Qd1+ 27.
Kg2 Qd5+ 28. Kg1 Qd1+ 29. Kg2 Qd5+ 30. Kg1 Ra8 31. Qc5 Rd8 32. Qa7 Qf3 33. Rd7
Rxd7 34. Qxd7 Qxh3 35. Qc8+ Kg7 36. Qxa6 Bf4 37. Qa7 Bh2+ 38. Kh1 Bf4+ 39. Kg1
Qxg4+ 40. Kf1 Qd1+ 41. Kg2 e4 42. Nc5 Qf3+ 43. Kg1 Qg4+ 44. Kf1 e3 45. Qd7 Qf3
46. Nd3 Qd1+ 47. Kg2 e2 48. Qd4+ e5 49. Qe4 Qxd3 50. Qxd3 e1=N+ 0-1

[Event "Lichtenberger Sommer 2019"]
[Site "Berlin"]
[Date "2019.08.24"]
[Round "8.16"]
[White "Seitz, Patrick"]
[Black "Landt, Stefan"]
[Result "1-0"]
[WhiteElo "2130"]
[BlackElo "1910"]
[PlyCount "21"]
[EventDate "2019.??.??"]
[WhiteTeam "SC Böblingen"]
[BlackTeam "SC Kreuzberg"]

1. e4 c6 2. Nc3 d5 3. Nf3 Nf6 4. e5 Ne4 5. d4 Nxc3 6. bxc3 Bf5 7. Nh4 Bg6 8. e6
Qd6 9. Nxg6 Qxe6+ 10. Ne5 f6 11. Qg4 1-0

[Event "Lichtenberger Sommer 2019"]
[Site "Berlin"]
[Date "2019.08.24"]
[Round "8.17"]
[White "Rogozenco, Teodora"]
[Black "George, Tom"]
[Result "1-0"]
[WhiteElo "1974"]
[BlackElo "2210"]
[PlyCount "67"]
[EventDate "2019.??.??"]
[WhiteTeam "Hamburger SK"]
[BlackTeam "SG Stadtilm"]

1. d4 d5 2. c4 e6 3. Nc3 c6 4. cxd5 exd5 5. Bf4 Nf6 6. Qc2 Be7 7. h3 O-O 8. e3
Nbd7 9. Bd3 Re8 10. Nf3 Nf8 11. Ne5 Ne6 12. Bh2 g6 13. f4 c5 14. f5 gxf5 15.
Bxf5 cxd4 16. O-O Ng7 17. Bxc8 Rxc8 18. exd4 Ne6 19. Kh1 Bf8 20. Nxf7 Kxf7 21.
Qxh7+ Bg7 22. Be5 Rh8 23. Bxf6 Rxh7 24. Bxd8+ Kg6 25. Ba5 Bxd4 26. Rae1 Rc6 27.
Nxd5 Bxb2 28. Bb4 Kg7 29. Re2 Bd4 30. Ne7 Rb6 31. Nf5+ Kg6 32. Re4 Rxb4 33.
Rxe6+ Bf6 34. Nd6 1-0

[Event "Lichtenberger Sommer 2019"]
[Site "Berlin"]
[Date "2019.08.24"]
[Round "8.18"]
[White "Schulz, Olaf"]
[Black "Hermannsdörfer, Frank"]
[Result "1-0"]
[WhiteElo "1957"]
[BlackElo "2177"]
[PlyCount "129"]
[EventDate "2019.??.??"]
[BlackTeam "SV Liebschwitz"]

1. d4 d6 2. e4 Nf6 3. Nc3 e5 4. Nf3 exd4 5. Nxd4 Be7 6. Bd3 O-O 7. f3 Re8 8.
Be3 d5 9. Nde2 Bb4 10. Bd4 dxe4 11. Bxf6 Qxf6 12. Bxe4 Rd8 13. Bd3 c5 14. Qc1
Qh4+ 15. g3 Qf6 16. O-O Be6 17. Ne4 Qe7 18. Ng5 h6 19. Nxe6 Qxe6 20. Nf4 Qb6
21. Qe3 Nc6 22. Kg2 Re8 23. Be4 Rad8 24. c3 Ba5 25. Qe2 c4 26. Rad1 Qc5 27.
Rxd8 Nxd8 28. Rd1 Bb6 29. Rd4 Qa5 30. Rxc4 Qxa2 31. Rc8 Qa4 32. Qd3 Ne6 33.
Rxe8+ Qxe8 34. Nxe6 Qxe6 35. Bxb7 Qb3 36. Qe2 Be3 37. Be4 Bc5 38. Bc2 Qb8 39.
b4 Bd6 40. f4 Qb7+ 41. Be4 Qc7 42. Qd3 Be7 43. h4 Bd6 44. Bd5 Qe7 45. Qd2 Qf8
46. Kf3 Qe7 47. h5 Kf8 48. Be4 Qc7 49. g4 Ke7 50. Bd5 Qb6 51. Qe1+ Kf8 52. g5
Qb5 53. Qd1 Qd7 54. gxh6 gxh6 55. Ke4 Qe7+ 56. Kf3 Qh4 57. Qd4 Qxh5+ 58. Ke3
Qh4 59. Bf3 Qe1+ 60. Kd3 Qb1+ 61. Kc4 Qa2+ 62. Kb5 Ke7 63. f5 Qh2 64. f6+ Kd8
65. Kc6 1-0

[Event "Lichtenberger Sommer 2019"]
[Site "Berlin"]
[Date "2019.08.24"]
[Round "8.19"]
[White "Stark, Ingo"]
[Black "Guenther, Thomas"]
[Result "1-0"]
[WhiteElo "2113"]
[BlackElo "1985"]
[PlyCount "61"]
[EventDate "2019.??.??"]
[WhiteTeam "TSG Oberschöneweide"]

1. e4 c5 2. Nf3 Nc6 3. d4 cxd4 4. Nxd4 Qb6 5. Nb3 Nf6 6. Nc3 e6 7. Qe2 d6 8.
Be3 Qc7 9. g4 h6 10. O-O-O a6 11. Kb1 b5 12. Bg2 Bb7 13. f4 Be7 14. h4 h5 15.
g5 Ng4 16. Bg1 O-O-O 17. Bf3 Na5 18. Bxg4 hxg4 19. Qxg4 Kb8 20. f5 Nxb3 21.
axb3 b4 22. Na4 Qc6 23. Bb6 Rc8 24. Rhe1 Qxc2+ 25. Ka2 Qh2 26. fxe6 Rxh4 27.
Qf3 Rf4 28. Qe3 Rxe4 29. Ba7+ Ka8 30. Nb6+ Kxa7 31. Nxc8+ 1-0

[Event "Lichtenberger Sommer 2019"]
[Site "Berlin"]
[Date "2019.08.24"]
[Round "8.20"]
[White "Bui, Bao Anh Le"]
[Black "Kutschke, Jens"]
[Result "0-1"]
[WhiteElo "2087"]
[BlackElo "1953"]
[PlyCount "116"]
[EventDate "2019.??.??"]
[WhiteTeam "SV Mattnetz Berlin"]
[BlackTeam "SF 1903 Berlin"]

1. e4 c5 2. Nf3 d6 3. d4 cxd4 4. Nxd4 Nf6 5. Nc3 g6 6. Be3 Bg7 7. f3 O-O 8. Qd2
Nc6 9. O-O-O a6 10. g4 Be6 11. Kb1 Rc8 12. h4 h5 13. gxh5 Nxh5 14. Rg1 Ne5 15.
f4 Nf3 16. Nxf3 Rxc3 17. bxc3 Qa5 18. c4 Bc3 19. Nd4 Bxd2 20. Rxd2 Qb4+ 21. Nb3
Bxc4 22. a3 Qb5 23. Rd5 Qa4 24. Ra5 Qc6 25. Rxh5 Bxb3 26. Bd3 Bc4 27. Bd4 e5
28. fxe5 Bxd3 29. cxd3 Qb5+ 30. Bb2 Qxd3+ 31. Ka1 Qf3 32. Rhg5 dxe5 33. h5 f6
34. Rxg6+ Kf7 35. Rg7+ Ke6 36. Rxb7 Qxe4 37. Rb6+ Kf5 38. Rb4 Qe3 39. Rf1+ Ke6
40. Rc4 Qe2 41. Rc6+ Ke7 42. Rfc1 Rb8 43. Rc7+ Ke6 44. R7c2 Qxh5 45. Rc6+ Ke7
46. Rc7+ Kd8 47. Rg7 Rb6 48. Bc3 Qh6 49. Rd1+ Ke8 50. Ra7 Qh3 51. Rc7 Qf3 52.
Rc1 Rc6 53. Rxc6 Qxc6 54. Kb2 Qb5+ 55. Bb4 a5 56. Rc5 Qe2+ 57. Rc2 Qxc2+ 58.
Kxc2 axb4 0-1

[Event "Lichtenberger Sommer 2019"]
[Site "Berlin"]
[Date "2019.08.24"]
[Round "8.21"]
[White "Schmidt, Fabian"]
[Black "Poseck, Steffen"]
[Result "1/2-1/2"]
[WhiteElo "1952"]
[BlackElo "2041"]
[PlyCount "65"]
[EventDate "2019.??.??"]
[WhiteTeam "Königsjäger Süd-West"]
[BlackTeam "BSV 63 Chemie Weißensee"]

1. e4 c5 2. Nf3 Nc6 3. Bb5 g6 4. Bxc6 dxc6 5. O-O Bg7 6. d3 e5 7. b3 Ne7 8. Bb2
Qc7 9. Nbd2 O-O 10. Nc4 f6 11. h3 b6 12. Re1 Be6 13. a3 a5 14. a4 Rfd8 15. Qe2
g5 16. Ne3 Ng6 17. Nh2 Qc8 18. Nhf1 Nf4 19. Qf3 h5 20. Ng3 Bf7 21. Ngf5 Bf8 22.
g3 Nxh3+ 23. Kg2 Bg6 24. Kxh3 g4+ 25. Nxg4 hxg4+ 26. Qxg4 Kf7 27. Nh4 Qxg4+ 28.
Kxg4 Bh7 29. Bc3 Bd6 30. Kf3 Ke6 31. Ng2 Bg6 32. Ne3 Bc7 33. Rh1 1/2-1/2

[Event "Lichtenberger Sommer 2019"]
[Site "Berlin"]
[Date "2019.08.24"]
[Round "8.22"]
[White "Bender, Sebastian"]
[Black "Teichert, Felix"]
[Result "1/2-1/2"]
[WhiteElo "1911"]
[BlackElo "2027"]
[PlyCount "120"]
[EventDate "2019.??.??"]
[WhiteTeam "SC Zugzwang 95 (Berlin)"]
[BlackTeam "Leegebrucher SF"]

1. e4 c6 2. d4 d5 3. exd5 cxd5 4. c4 Nf6 5. Nc3 Nc6 6. Bg5 Ne4 7. Nxe4 dxe4 8.
d5 Ne5 9. Qd4 f6 10. Qxe4 Qb6 11. b3 Nxc4 12. Qxc4 fxg5 13. Qb5+ Qxb5 14. Bxb5+
Kf7 15. Nf3 Kf6 16. h4 gxh4 17. Rxh4 g5 18. Re4 Bf5 19. Re3 e6 20. Nd4 a6 21.
Be2 Bb4+ 22. Kf1 Rhd8 23. Nxf5 exf5 24. Re6+ Kg7 25. Rd1 Bd6 26. Bd3 f4 27. Rc1
Rd7 28. f3 Rf8 29. Kg1 Ba3 30. Rce1 Rxd5 31. Bc4 Rd2 32. R1e5 h6 33. Rd5 Rxd5
34. Bxd5 Rf7 35. Kf1 Bc5 36. b4 Bxb4 37. Rb6 Bc5 38. Rxb7 Rxb7 39. Bxb7 a5 40.
a4 Kg6 41. Be4+ Kh5 42. Bf5 Kh4 43. Be6 Kg3 44. Bg4 Be3 45. Bh5 Kh4 46. Bg4 Bd4
47. Be6 Bc5 48. Bd7 Kg3 49. Bg4 Bb6 50. Bh5 Kh4 51. Bg4 h5 52. Bd7 Be3 53. Bc8
Kg3 54. Bd7 g4 55. fxg4 h4 56. g5 f3 57. gxf3 h3 58. f4 Bxf4 59. Kg1 Bxg5 60.
Kh1 Be3 1/2-1/2

[Event "Lichtenberger Sommer 2019"]
[Site "Berlin"]
[Date "2019.08.24"]
[Round "8.23"]
[White "Keusch, Horst"]
[Black "Baranowsky, Peter"]
[Result "1-0"]
[WhiteElo "2001"]
[BlackElo "1889"]
[PlyCount "111"]
[EventDate "2019.??.??"]
[WhiteTeam "SC Friesen Lichtenberg"]
[BlackTeam "SF 1903 Berlin"]

1. f4 d5 2. Nf3 c6 3. g3 g6 4. Bg2 Bg7 5. O-O Nf6 6. c3 O-O 7. Na3 Bf5 8. Nc2
Qc8 9. d3 Bh3 10. Qe1 Bxg2 11. Kxg2 c5 12. e4 Nc6 13. e5 Ng4 14. d4 b6 15. h3
Nh6 16. Ne3 cxd4 17. cxd4 Nf5 18. Qd1 Qd7 19. g4 Nxe3+ 20. Bxe3 f6 21. Qd2 Rac8
22. Rf2 f5 23. g5 Rc7 24. h4 Rfc8 25. Rh1 e6 26. h5 Na5 27. b3 Rc6 28. hxg6
hxg6 29. Kg3 Qc7 30. Rhh2 Kf7 31. Qd1 Rh8 32. Rxh8 Bxh8 33. Rh2 Bg7 34. Bd2 Rc2
35. Qh1 Rxa2 36. Rh7 Kg8 37. Bb4 Nxb3 38. Bd6 Qf7 39. Rxg7+ Kxg7 40. Qb1 Ra4
41. Qxb3 Qd7 42. Qb2 b5 43. Qh2 Qf7 44. Qh6+ Kg8 45. Nh4 Qg7 46. Nxg6 Qxh6 47.
gxh6 Kh7 48. Nf8+ Kxh6 49. Nxe6 a5 50. Ng5 b4 51. e6 Ra3+ 52. Kh4 Re3 53. Be5
Rc3 54. e7 Rc8 55. Nf7+ Kh7 56. Nd8 1-0

[Event "Lichtenberger Sommer 2019"]
[Site "Berlin"]
[Date "2019.08.24"]
[Round "8.24"]
[White "Eisheh, Jens-Tarek"]
[Black "Sieglen, Joachim"]
[Result "1-0"]
[WhiteElo "1779"]
[BlackElo "2218"]
[PlyCount "77"]
[EventDate "2019.??.??"]
[WhiteTeam "Lübecker SV"]
[BlackTeam "SC Untergrombach"]

1. e4 e6 2. d4 d5 3. Nc3 Bb4 4. exd5 exd5 5. Bd3 Nc6 6. a3 Bxc3+ 7. bxc3 Nge7
8. Qf3 Be6 9. Nh3 f6 10. Nf4 Bf7 11. Qg4 O-O 12. Ne6 Bxe6 13. Qxe6+ Kh8 14. Qh3
g6 15. Bf4 Qc8 16. g4 Qd7 17. O-O Rf7 18. Rab1 b6 19. Kg2 Rg8 20. Rbe1 g5 21.
Bg3 f5 22. gxf5 Nxf5 23. Bxf5 Rxf5 24. Bxc7 Rgf8 25. Qg3 Qf7 26. Bd6 Rd8 27.
Re2 Qg6 28. Be5+ Kg8 29. Qd3 Na5 30. Qa6 Qf7 31. Bg3 Nc4 32. Rfe1 Rf8 33. Qa4
Nd6 34. Qb4 Ne4 35. Rf1 h5 36. Bd6 Rd8 37. Be5 Rxe5 38. dxe5 Qf3+ 39. Kxf3 1-0

[Event "Lichtenberger Sommer 2019"]
[Site "Berlin"]
[Date "2019.08.24"]
[Round "8.25"]
[White "Nötzel, Felix"]
[Black "Schönberger, Kay"]
[Result "1/2-1/2"]
[WhiteElo "2262"]
[BlackElo "1901"]
[PlyCount "96"]
[EventDate "2019.??.??"]
[WhiteTeam "SF 1903 Berlin"]
[BlackTeam "SV Koblenz"]

1. e4 c5 2. d4 cxd4 3. c3 dxc3 4. Nxc3 Nc6 5. Nf3 d6 6. Bc4 a6 7. O-O Nf6 8. h3
e6 9. Qe2 Be7 10. Rd1 Bd7 11. Bg5 Qc7 12. Bb3 O-O 13. Qd2 Rfd8 14. Rac1 Rac8
15. Qe3 b5 16. Nd5 Qb7 17. Nxe7+ Nxe7 18. Bxf6 gxf6 19. Rxd6 Bc6 20. Rxd8+ Rxd8
21. Qf4 Bxe4 22. Qxf6 Bxf3 23. gxf3 Rd3 24. Kg2 Ng6 25. Bd1 Qd7 26. Be2 Rd2 27.
Kf1 Rd4 28. Qg5 Qd8 29. Qxd8+ Rxd8 30. Ke1 Rd6 31. Rc8+ Kg7 32. Ra8 Nf4 33. Bf1
Rc6 34. Kd2 e5 35. a4 bxa4 36. Rxa6 Rxa6 37. Bxa6 Nxh3 38. Bb5 h5 39. Bxa4 Nf4
40. b4 h4 41. b5 h3 42. b6 h2 43. b7 h1=Q 44. b8=Q Qa1 45. Bc2 Qd4+ 46. Kc1
Ne2+ 47. Kb1 Nc3+ 48. Kc1 Na2+ 1/2-1/2

[Event "Lichtenberger Sommer 2019"]
[Site "Berlin"]
[Date "2019.08.24"]
[Round "8.26"]
[White "Guder, Sibylle"]
[Black "Amelang, Thomas"]
[Result "0-1"]
[WhiteElo "1893"]
[BlackElo "2165"]
[PlyCount "68"]
[EventDate "2019.??.??"]
[WhiteTeam "SF 1903 Berlin"]
[BlackTeam "Münchener SC"]

1. e4 d6 2. d4 g6 3. Nc3 Nf6 4. h3 Bg7 5. Be3 c6 6. g4 Qa5 7. Bg2 h6 8. Nge2
Nbd7 9. O-O c5 10. f4 cxd4 11. Bxd4 O-O 12. Ng3 Kh7 13. Rb1 a6 14. b4 Qc7 15.
g5 Ng8 16. Bxg7 Kxg7 17. Nd5 Qd8 18. gxh6+ Nxh6 19. f5 Ne5 20. Nxe7 Qb6+ 21.
Kh1 Rh8 22. fxg6 fxg6 23. Nd5 Qd8 24. Qd4 Bxh3 25. Bxh3 Nhg4 26. Kg2 Rxh3 27.
Rh1 Rxh1 28. Rxh1 Qg5 29. Qc3 Rf8 30. Rf1 Qh4 31. Qc7+ Rf7 32. Rxf7+ Nxf7 33.
Nf4 Qh2+ 34. Kf3 Nge5+ 0-1

[Event "Lichtenberger Sommer 2019"]
[Site "Berlin"]
[Date "2019.08.24"]
[Round "8.27"]
[White "Muskewitz, Bernd"]
[Black "Niehaus, Frank"]
[Result "1/2-1/2"]
[WhiteElo "1879"]
[BlackElo "2143"]
[PlyCount "56"]
[EventDate "2019.??.??"]
[WhiteTeam "SF Nordost Berlin"]
[BlackTeam "SK König Tegel"]

1. d4 Nf6 2. c4 c5 3. e3 g6 4. g3 Bg7 5. Bg2 O-O 6. Nc3 Na6 7. Nge2 Rb8 8. O-O
d6 9. b3 b6 10. Bb2 Bb7 11. Qd2 Bxg2 12. Kxg2 Qd7 13. Rad1 Nc7 14. Qc2 Rfc8 15.
dxc5 bxc5 16. Nf4 Qc6+ 17. Kg1 Rd8 18. Nfd5 Ncxd5 19. Nxd5 Nxd5 20. Rxd5 Bxb2
21. Qxb2 Rb6 22. Rfd1 a5 23. Qe2 a4 24. bxa4 Qxa4 25. Rxc5 Ra8 26. Rc7 Qxa2 27.
Qxa2 Rxa2 28. Rxe7 Rbb2 1/2-1/2

[Event "Lichtenberger Sommer 2019"]
[Site "Berlin"]
[Date "2019.08.24"]
[Round "8.28"]
[White "Brümmel, Arend"]
[Black "Kraft, Tom"]
[Result "0-1"]
[WhiteElo "2129"]
[BlackElo "1893"]
[PlyCount "64"]
[EventDate "2019.??.??"]
[WhiteTeam "Stader SV"]
[BlackTeam "SC Zugzwang 95 (Berlin)"]

1. d4 e6 2. e4 d5 3. Nc3 Bb4 4. e5 c5 5. a3 Bxc3+ 6. bxc3 Nc6 7. Qg4 Nge7 8.
Nf3 cxd4 9. cxd4 Qc7 10. Bd2 Bd7 11. Qxg7 O-O-O 12. Qg4 Rhg8 13. Qf4 Qb6 14.
Bd3 Rxg2 15. Ke2 Nf5 16. c3 Rdg8 17. h3 Ng3+ 18. Ke3 Nxh1 19. Rxh1 R2g7 20. h4
Be8 21. h5 Na5 22. Rb1 Nc4+ 23. Ke2 Qd8 24. h6 Rg4 25. Qh2 Nxd2 26. Kxd2 Rh8
27. Rg1 f5 28. exf6 Rxg1 29. Nxg1 Qxf6 30. f4 Bg6 31. Nf3 Bxd3 32. Kxd3 Qf5+
0-1

[Event "Lichtenberger Sommer 2019"]
[Site "Berlin"]
[Date "2019.08.24"]
[Round "8.29"]
[White "Sabrowski, Uwe"]
[Black "Ahlers, Knut"]
[Result "1/2-1/2"]
[WhiteElo "2073"]
[BlackElo "1880"]
[PlyCount "43"]
[EventDate "2019.??.??"]
[WhiteTeam "SV Berolina Mitte"]
[BlackTeam "SV Bargteheide"]

1. d4 Nf6 2. c4 e6 3. Nc3 Bb4 4. e3 O-O 5. Nge2 Ne4 6. Qc2 d5 7. a3 Bxc3+ 8.
Nxc3 Nxc3 9. Qxc3 dxc4 10. Bxc4 b6 11. b4 Qg5 12. O-O Ba6 13. Bxa6 Nxa6 14. Qc4
Nb8 15. Qxc7 Qd5 16. Bb2 f5 17. f3 Nc6 18. e4 fxe4 19. fxe4 Qxe4 20. d5 Nd4 21.
dxe6 Nxe6 22. Qe5 1/2-1/2

[Event "Lichtenberger Sommer 2019"]
[Site "Berlin"]
[Date "2019.08.24"]
[Round "8.30"]
[White "Hahlbohm, Matthias"]
[Black "Willich, Manfred"]
[Result "1-0"]
[WhiteElo "2041"]
[BlackElo "1871"]
[PlyCount "107"]
[EventDate "2019.??.??"]
[WhiteTeam "TSG Oberschöneweide"]
[BlackTeam "SK Turm Bad Hersfeld"]

1. e4 c5 2. c3 d5 3. e5 Bf5 4. d4 e6 5. Bd3 Bxd3 6. Qxd3 Nc6 7. Nf3 cxd4 8.
cxd4 Bb4+ 9. Nc3 Nge7 10. O-O Nf5 11. Bg5 Be7 12. Bxe7 Qxe7 13. Rad1 O-O 14.
Nxd5 Qd8 15. Nc3 Nh4 16. Nxh4 Qxh4 17. Qe3 Rad8 18. f4 Rd7 19. Rd2 Rfd8 20.
Rfd1 Ne7 21. g3 Nf5 22. Qf2 Qg4 23. Kh1 h5 24. Rd3 a6 25. a3 Kf8 26. R1d2 Rc7
27. d5 exd5 28. Rxd5 Rxd5 29. Rxd5 Rc8 30. Rd3 g6 31. Qd2 Kg7 32. Qd1 Qxd1+ 33.
Rxd1 h4 34. Rd3 Rc7 35. Kg2 hxg3 36. hxg3 Ne7 37. Rd2 Nc6 38. Ne4 Na5 39. Ng5
Re7 40. Kf3 f6 41. exf6+ Kxf6 42. Ne4+ Kg7 43. g4 Nc4 44. Rh2 Re8 45. Re2 b6
46. g5 Rd8 47. Nf6 Rd3+ 48. Ke4 Rb3 49. Rh2 Nxb2 50. Rh7+ Kf8 51. f5 gxf5+ 52.
Kxf5 Rb5+ 53. Kg6 Nd3 54. Rf7# 1-0

[Event "Lichtenberger Sommer 2019"]
[Site "Berlin"]
[Date "2019.08.24"]
[Round "8.31"]
[White "Reck, Jessica"]
[Black "Kapr, Klaus"]
[Result "0-1"]
[WhiteElo "1649"]
[BlackElo "2031"]
[PlyCount "88"]
[EventDate "2019.??.??"]
[WhiteTeam "SK König Tegel"]
[BlackTeam "SC Friesen Lichtenberg"]

1. e4 Nc6 2. d4 d5 3. e5 Bf5 4. c3 e6 5. Nf3 Nge7 6. Be2 Ng6 7. Na3 Be7 8. Nc2
f6 9. exf6 gxf6 10. Bd3 Be4 11. Qe2 f5 12. Rg1 Qd6 13. g3 O-O-O 14. Bd2 e5 15.
O-O-O Bxd3 16. Qxd3 e4 17. Qe3 exf3 18. Qxf3 Rhf8 19. Rde1 Rde8 20. Re2 f4 21.
Qg4+ Kb8 22. Rge1 Nd8 23. Qh5 Rf7 24. Nb4 c6 25. Nd3 fxg3 26. fxg3 Ref8 27. Nf4
Qf6 28. Ne6 Nxe6 29. Rxe6 Qg7 30. Bh6 Qg8 31. Bxf8 Qxf8 32. Kd2 a6 33. Qg4 Ka7
34. a4 Qh6+ 35. Kd3 Qxh2 36. R6e2 Rf2 37. Rxf2 Qxf2 38. Re2 Qf1 39. Qh5 Bd6 40.
Qg4 Bxg3 41. Kc2 Bf4 42. Qg2 Qc1+ 43. Kb3 Qd1+ 44. Ka3 Bd6+ 0-1

[Event "Lichtenberger Sommer 2019"]
[Site "Berlin"]
[Date "2019.08.24"]
[Round "8.32"]
[White "Bornschein, Burkhard"]
[Black "Grassi, Fabrizio"]
[Result "0-1"]
[WhiteElo "2016"]
[BlackElo "1861"]
[PlyCount "60"]
[EventDate "2019.??.??"]
[WhiteTeam "BSC Rehberge"]
[BlackTeam "SV Berlin-Friedrichstadt"]

1. d4 d5 2. c4 e6 3. Nc3 Nf6 4. Bg5 c5 5. cxd5 cxd4 6. Qxd4 Be7 7. Nf3 O-O 8.
dxe6 Bxe6 9. Qxd8 Rxd8 10. e3 h6 11. Bh4 g5 12. Bg3 Nc6 13. Be2 Nd5 14. Nxd5
Bxd5 15. O-O Bf6 16. h4 Bxb2 17. Rab1 Bf6 18. hxg5 hxg5 19. Rxb7 Nd4 20. Nxd4
Bxb7 21. Nb5 Rd2 22. Bc4 Rc8 23. Bb3 Ba6 24. a4 Bxb5 25. axb5 Rb2 26. Bd5 Rxb5
27. Rd1 Rbc5 28. Kh2 Kg7 29. e4 Rc1 30. Rd2 Rh8+ 0-1

[Event "Lichtenberger Sommer 2019"]
[Site "Berlin"]
[Date "2019.08.24"]
[Round "8.33"]
[White "Silz, Elisa"]
[Black "Lieder, Günter"]
[Result "1-0"]
[WhiteElo "2011"]
[BlackElo "1815"]
[PlyCount "119"]
[EventDate "2019.??.??"]
[WhiteTeam "SV Empor Berlin"]
[BlackTeam "SK Turm Bad Hersfeld"]

1. d4 g6 2. Nf3 Bg7 3. c4 d6 4. Nc3 Nf6 5. e4 c6 6. Be2 O-O 7. O-O Na6 8. h3
Nc7 9. Be3 b6 10. Qc2 Bb7 11. c5 Nd7 12. Rad1 Qe8 13. b4 dxc5 14. bxc5 bxc5 15.
dxc5 Ba6 16. Bd3 Bxd3 17. Qxd3 Rd8 18. Qc4 Rb8 19. Rd2 e5 20. Qa4 Nf6 21. Qxa7
Nb5 22. Nxb5 Rxb5 23. Qa4 Qb8 24. Rd6 Rc8 25. Rfd1 Ne8 26. Rd7 Nf6 27. R7d2 Bf8
28. a3 Bxc5 29. Bh6 Bf8 30. Bg5 Kg7 31. Bxf6+ Kxf6 32. Rd7 Rb1 33. Rxb1 Qxb1+
34. Kh2 Qa2 35. Qa6 Re8 36. Qxc6+ Kg7 37. Rd2 Qe6 38. Qxe6 Rxe6 39. a4 Kf6 40.
Ra2 Ra6 41. Nd2 Ke6 42. Kg3 Bh6 43. Nc4 f5 44. Kf3 Rc6 45. Rc2 Ra6 46. a5 Bf8
47. Rb2 Bc5 48. Rb5 Bd4 49. g4 f4 50. Ke2 g5 51. Kd3 Bxf2 52. Rxe5+ Kf6 53.
Rf5+ Kg6 54. Rd5 Ra7 55. Rd6+ Kg7 56. e5 Be1 57. a6 f3 58. Rb6 Ra8 59. Nd6 Bg3
60. Nf5+ 1-0

[Event "Lichtenberger Sommer 2019"]
[Site "Berlin"]
[Date "2019.08.24"]
[Round "8.34"]
[White "Karyah, Thomas"]
[Black "Zühlke, Burkhard"]
[Result "0-1"]
[WhiteElo "1870"]
[BlackElo "2009"]
[PlyCount "68"]
[EventDate "2019.??.??"]
[WhiteTeam "SC Zugzwang 95 (Berlin)"]
[BlackTeam "SGem Fürth"]

1. c4 g6 2. g3 Bg7 3. Bg2 d6 4. Nf3 Nf6 5. Nc3 O-O 6. O-O a6 7. d3 c5 8. Rb1
Nc6 9. Bd2 Rb8 10. Qc1 b5 11. cxb5 axb5 12. Bh6 b4 13. Bxg7 Kxg7 14. Ne4 Nxe4
15. dxe4 f6 16. Rd1 Qb6 17. b3 Na7 18. a4 bxa3 19. Qxa3 Be6 20. Nd2 Nc6 21. Nc4
Qb4 22. Qc1 Nd4 23. Qe3 Nxb3 24. Nd2 Qd4 25. Qd3 Qa4 26. h4 c4 27. Qc3 Rfc8 28.
Kh2 Nxd2 29. Rxb8 Qxd1 30. Rb7 Re8 31. f4 Qxe2 32. Kg1 Nxe4 33. Qd4 Nxg3 34.
Qxd6 Nf5 0-1

[Event "Lichtenberger Sommer 2019"]
[Site "Berlin"]
[Date "2019.08.24"]
[Round "8.35"]
[White "Schabe, Felix"]
[Black "Döring, Martin"]
[Result "0-1"]
[WhiteElo "1984"]
[BlackElo "1807"]
[PlyCount "57"]
[EventDate "2019.??.??"]
[WhiteTeam "SV Empor Berlin"]
[BlackTeam "SC Weisse Dame"]

1. Nf3 d5 2. g3 Nf6 3. Bg2 c6 4. b3 Bg4 5. Bb2 Nbd7 6. d3 e6 7. Nbd2 Bd6 8. e4
Qa5 9. O-O O-O 10. a3 Rfe8 11. c4 dxe4 12. dxe4 Rad8 13. Qc2 Qh5 14. h3 Bxh3
15. Bxh3 Bxg3 16. Kg2 Bf4 17. Rh1 Qg6+ 18. Kf1 Nc5 19. Ke2 Ncxe4 20. Nxe4 Nxe4
21. Ke1 Bd2+ 22. Nxd2 Rxd2 23. Qxd2 Nxd2 24. Kxd2 Rd8+ 25. Kc1 Rd3 26. Bf1 Rxb3
27. Be2 Qg5+ 28. Kc2 Rxb2+ 29. Kxb2 0-1

[Event "Lichtenberger Sommer 2019"]
[Site "Berlin"]
[Date "2019.08.24"]
[Round "8.36"]
[White "Kohlmeyer, Dagobert"]
[Black "Groot, Patrick"]
[Result "1-0"]
[WhiteElo "1776"]
[BlackElo "1971"]
[PlyCount "79"]
[EventDate "2019.??.??"]
[WhiteTeam "SG Weißensee 49"]
[BlackTeam "SF 1903 Berlin"]

1. e4 c5 2. Nf3 Nc6 3. d4 cxd4 4. Nxd4 Nf6 5. Nc3 e5 6. Ndb5 d6 7. Bg5 a6 8.
Na3 b5 9. Nd5 Be7 10. Nxe7 Nxe7 11. Bd3 Bb7 12. Qe2 d5 13. Bxf6 gxf6 14. Rd1 f5
15. f3 fxe4 16. fxe4 Qc7 17. c3 O-O-O 18. O-O f5 19. exf5 e4 20. Bb1 Rdf8 21.
f6 Ng6 22. Nc2 Rhg8 23. Qg4+ Kb8 24. Nd4 Bc8 25. Qg5 Ne5 26. Qxe5 Qxe5 27. Nc6+
Kc7 28. Nxe5 Rg5 29. Rxd5 Be6 30. Rd4 Rxe5 31. Bxe4 Bxa2 32. Bxh7 Bc4 33. Bd3
Bxd3 34. Rxd3 Re2 35. b4 Kc6 36. h3 Re6 37. Rdf3 Kd5 38. f7 Kc4 39. g4 Kb3 40.
g5 1-0